000
00315nam a2200133Ia 4500
008
190216s9999||||xx |||||||||||||| ||und||
100
_a
Eugene Yankovsky
245
0
_a
Fundamentals Of Quantum Mechanics
250
_a
1st Ed.
260
_b
Mir Publishers
_c
1978
300
_a
367
650
_a
Chemistry
942
_c
BK
999
_c
2483
_d
2483